LEADER 02776 am 2200793 n 450 001 9910136410303321 005 20160301 010 $a2-8218-5577-X 024 7 $a10.4000/books.oep.754 035 $a(CKB)3710000000609040 035 $a(FrMaCLE)OB-oep-754 035 $a(oapen)https://directory.doabooks.org/handle/20.500.12854/55583 035 $a(PPN)194304655 035 $a(EXLCZ)993710000000609040 100 $a20160302j|||||||| ||| 0 101 0 $apor 135 $auu||||||m|||| 181 $ctxt$2rdacontent 182 $cc$2rdamedia 183 $acr$2rdacarrier 200 10$aPalavras em imagens $eEscritas, corpos e memórias /$fCarlos Fausto, Carlo Severi 210 $aMarseille $cOpenEdition Press$d2016 311 $a2-8218-5575-3 330 $aPor muito tempo a Antropologia adotou um modelo linguístico e simbólico da cultura. Alguns autores chegaram a tomá-lacomo um conjunto de textos a serem lidos e interpretados, outros viram-na como conjunto de símbolos a serem decodificados. Aqui seguimos uma direção diversa, explorando o entrelaçamento entre imagem e palavra na produção da própria vida social, de corpos e memórias. Este volume dá seguimento a uma colaboração entre pesquisadores franceses e brasileiros que resultou anteriormen... 606 $aAnthropology 606 $aLinguistics 606 $aénonciation 606 $apragmatique 606 $aethnolinguistique 606 $ainteraction sociale 606 $aparole 606 $aenunciação 606 $aetnolinguística 606 $ainteração social 606 $adiscurso 606 $apragmática 610 $aethnolinguistique 610 $ainteraction sociale 610 $apragmatique 610 $aparole 610 $aénonciation 615 4$aAnthropology 615 4$aLinguistics 615 4$aénonciation 615 4$apragmatique 615 4$aethnolinguistique 615 4$ainteraction sociale 615 4$aparole 615 4$aenunciação 615 4$aetnolinguística 615 4$ainteração social 615 4$adiscurso 615 4$apragmática 700 $aDéléage$b Pierre$0474284 701 $ade Niemeyer Cesarino$b Pedro$01287310 701 $aEczet$b Jean-Baptiste$01287311 701 $aFausto$b Carlos$01287312 701 $aGonçalves$b Marco Antônio$01287313 701 $aHugh-Jones$b Stephen$0650418 701 $aKulijaman$b Mataliwa$01287314 701 $aLagrou$b Els$01287315 701 $aSeveri$b Carlo$0141954 701 $aFausto$b Carlos$01287312 701 $aSeveri$b Carlo$0141954 801 0$bFR-FrMaCLE 906 $aBOOK 912 $a9910136410303321 996 $aPalavras em imagens$93389789 997 $aUNINA